Foods & Beverages by Picture - Statistics

General Stats
  • This quiz has been taken 4,288 times
    2,878 since last reset
  • The average score is 26 of 35
Answer Stats
Picture Answer % Correct
Avocado
98%
Egg
97%
Kiwi
94%
Croissant
93%
Pear
92%
Pineapple
92%
Strawberry
91%
Chips
90%
Watermelon
90%
Blackberry
89%
Candy Cane
89%
Champagne
89%
Churro
88%
Marshmallow
87%
Espresso
86%
Macaron
81%
Papaya
78%
Pomegranate
77%
Fig
74%
Kidney
74%
Jalapeno
73%
Tiramisu
72%
Apricot
71%
Kale
70%
Lychee
63%
Escargot
60%
Flan
60%
Rhubarb
59%
Guava
58%
Fondue
56%
Eggnog
55%
Quiche
44%
Udon
42%
Wonton
38%
Curry
36%
No matching quizzes found
Score Distribution
Percent of People with Each Score
Percentile by Number Answered
Your Score History
You have not taken this quiz since the last reset